000
00238nam a2200097Ia 4500
005
20251222114356.0
008
251222s1900||||xx |||||||||||||| ||spa||
082
_a
DVD0099/C78/2012/T.13
245
0
_a
II Guerra mundial 1939-1945:
942
_c
DVD
999
_c
1426
_d
1426